Entry Personal Name
Number of records used in: 1
001 - CONTROL NUMBER
003 - CONTROL NUMBER IDENTIFIER
005 - DATE AND TIME OF LATEST TRANSACTION
- control field:
20191223114758.0
008 - FIXED-LENGTH DATA ELEMENTS
- fixed length control field:
930315n| acannaab| |a aaa c
010 ## - LIBRARY OF CONGRESS CONTROL NUMBER
- LC control number:
no 93007328
040 ## - CATALOGING SOURCE
- Original cataloging agency:
DJBF
- Transcribing agency:
DJBF
100 10 - HEADING--PERSONAL NAME
- Personal name:
Minhas, Bagicha Singh
400 10 - SEE FROM TRACING--PERSONAL NAME
- Personal name:
Minhas, B. S.
- Fuller form of name:
(Bagicha Singh)
670 ## - SOURCE DATA FOUND
- Source citation:
His An international comparison of factor costs ... 1963:
- Information found:
t.p. (Bagicha Singh Minhas)
670 ## - SOURCE DATA FOUND
- Source citation:
His Public versus private sector, 1991:
- Information found:
t.p. (B.S. Minhas) p. [2] of cover (b. 1929)
670 ## - SOURCE DATA FOUND
- Source citation:
LC in OCLC, 3/15/93
- Information found:
(hdg.: Minhas, Bagicha Singn; usage: B.S. Minhas)